| 000 | 01016nam a2200265 u 4500 | ||
|---|---|---|---|
| 005 | 20220815125638.0 | ||
| 008 | 191128s2016 mx r 000 0 spa d | ||
| 020 | _a9786078509003 (CMQ) | ||
| 020 | _a9786074955286 (GEM) | ||
| 035 | _aUPN01000234475 | ||
| 040 |
_aMX-MxUPN _bspa _cMX-MxUPN |
||
| 050 |
_aJL1215 1917 _bC66 2016 |
||
| 245 | 0 | 3 |
_aEl Congreso Constituyente del Estado Libre y Soberano de México / _cGerald L. McGowan, coordinador. |
| 250 | _aSegunda edición | ||
| 260 |
_aZinacantepec, México : _bEl Colegio Mexiquense : _bGobierno del Estado de México |
||
| 260 |
_aToluca de Lerdo, Estado de México : _bFondo Editorial Estado de México, _c2016. |
||
| 300 | _a880 páginas | ||
| 490 | _aColección Identidad, historia | ||
| 610 | 1 | 0 |
_aEstado de México _bCongreso Constituyente, 1917 _945129 |
| 651 | 2 |
_aEstado de México _xHistoria _vFuentes _922563 |
|
| 700 | 1 |
_aMcGowan, Gerald L., _d1941- _ecoordinador _945130 |
|
| 905 | _aLibro | ||
| 942 |
_n0 _2lcc _cLIBRO |
||
| 999 |
_c206570 _d206570 |
||